| 000 | 00858nam0a2200277 4500 | ||
|---|---|---|---|
| 001 | RU\NLR\bibl\1489095 | ||
| 005 | 20250616012052.0 | ||
| 010 |
_a978-5-699-39875-1 _95000 |
||
| 021 |
_aRU _b2010-5966 _992д/2010 |
||
| 035 | _a(NLR Aleph) 001480680 | ||
| 090 |
_a1701511 _c1701511 |
||
| 100 | _a20100323d2010 |||y0rusy50 ca | ||
| 101 | 0 | _arus | |
| 102 | _aRU | ||
| 105 | _aa ||||||||| | ||
| 200 | 1 |
_aТехномаг _e[фантастический] роман _fАлександр Сухов |
|
| 210 |
_aМосква _cЭКСМО _d2010 |
||
| 215 |
_a410, [1] с. _cил. _d17 |
||
| 225 | 1 | _aСтальная Крыса | |
| 700 | 1 |
_aСухов _bА. Е. _gАлександр Евгеньевич _4070 |
|
| 801 | 0 |
_aRU _bNLR _c20100323 _gRCR |
|
| 801 | 1 |
_aRU _bNLR _c20100323 |
|
| 830 | _aавт. по кн. | ||
| 942 | _cBOOK | ||
| 980 | _aNB | ||